Greek Mythology Alpha-to-Omega Quiz Stats

 Plays Quiz Updated Nov 22, 2016

Support Sporcle.
Go Orange.
Score 0/23 Timer 06:00
5 Plays Today
Letter Figure % Correct
ΑAthena
97.3%
ΖZeus
91.2%
ΠPersephone
82.5%
ΗHera
82.1%
ΔDemeter
69.6%
ΕHermes
69.1%
ΜMedusa
60.1%
ΟOdysseus
57.3%
ΙJason
54.8%
ΚCronus
54.2%
ΝNarcissus
44.4%
ΘTheseus
42.5%
Letter Figure % Correct
ΓGaia
38.6%
ΤTiresias
31.5%
ΧChiron
29.7%
ΣSisyphus
28.2%
ΛLeto
24%
ΒBellerophon
23.1%
ΡRhea
22.7%
ΩOceanus
17.6%
ΦPhoebe
14.5%
ΨPsyche
11.5%
ΥHyperion
8.1%

You're not logged in!

Compare scores with friends on all Sporcle quizzes.
OR
Log In

From the Vault

Who Did I Type? (US Presidents)

by chaosBEE

For an added challenge, play this quiz without looking down at your keyboard.
Remove Ads.
Support Sporcle.
Get the best of Sporcle when you Go Orange. This ad-free experience offers more features, more stats, and more fun while also helping to support Sporcle. Thank you for becoming a member.

Show Comments

Extras

Top Quizzes Today


Score Distribution

Your Account Isn't Verified!

In order to create a playlist on Sporcle, you need to verify the email address you used during registration. Go to your Sporcle Settings to finish the process.

Report this User

Report this user for behavior that violates our Community Guidelines.

Details: